00244nam a22001097a 4500082000800000100003200008245004000040260002200080300000800102942000700110999001700117 aROL aRolando M A Roque Maltherbe aThe physicaly chemistry of material aLondonbCRCc2010 a500 cBK c55134d55131